Las relaciones internacionales de la pobreza en América Latina y El Caribe /
El documento presenta un análisis de la pobreza en las relaciones internacionales contemporáneas.
محفوظ في:
| المؤلف الرئيسي: | |
|---|---|
| التنسيق: | غير معروف |
| اللغة: | Spanish |
| منشور في: |
Argentina :
CLACSO
2012
|
| سلاسل: | Colección CLACSO-CROP
|
| الموضوعات: | |
| الوسوم: |
إضافة وسم
لا توجد وسوم, كن أول من يضع وسما على هذه التسجيلة!
|
MARC
| LEADER | 00000 a2200000 04500 | ||
|---|---|---|---|
| 001 | 44438 | ||
| 003 | cru CIDCACS/IIS | ||
| 005 | 20230517122858.0 | ||
| 008 | 050704s2012 ag spa d | ||
| 020 | |a 978-987-1543-87-8 | ||
| 040 | |c CRAI/IIS | ||
| 090 | |a 03.02.05 C764r | ||
| 100 | |a Contreras García, Ana Gabriela | ||
| 245 | |a Las relaciones internacionales de la pobreza en América Latina y El Caribe / |c Ana Gabriela Contreras García, et.al. | ||
| 260 | |a Argentina : |b CLACSO |c 2012 | ||
| 300 | |a 396 páginas | ||
| 440 | |a Colección CLACSO-CROP | ||
| 505 | |a Presentación de Alberto D. Cimadamore | ||
| 520 | |a El documento presenta un análisis de la pobreza en las relaciones internacionales contemporáneas. | ||
| 600 | |a Rodríguiez Oliva, Lazaro I.; Moreano Urigüen, Hernán; Rodríguez Gámez, Liz Ileana; Nondol-López, Lenin; Hernández, Diego; Torre Avila, Leonardo de la; Panqueba Cifuents, Jairzinho Francisco; Castillo Gallardo; Mayarí; Córdoba, Diana Marcela | ||
| 650 | 0 | |9 284 |a POBREZA | |
| 650 | 4 | |9 2646 |a RELACIONES INTERNACIONALES | |
| 650 | 0 | |9 143 |a ECONOMIA | |
| 651 | 4 | |9 2605 |a LATINOAMERICA | |
| 651 | 7 | |9 8785 |a EL CARIBE | |
| 942 | |2 ddc |c LI |h 03.02.05 C764r |i 15122 |6 030205_C764R_15122 | ||
| 999 | |c 4508 |d 4508 | ||



